[Event "Hastings Masters"]
[Site "Horntye, Hastings"]
[Date "2017.12.28"]
[Round "1.8"]
[White "Hebden, Mark L"]
[Black "Oyama, Akito"]
[Result "1/2-1/2"]
[BlackElo "2185"]
[WhiteElo "2445"]
[EventDate "2017.12.28"]

1. d4 {[%clk 1:40:56]} e6 {[%clk 1:40:40]} 2. Nf3 {[%clk 1:40:37]} Nf6
{[%clk 1:40:55]} 3. Bg5 {[%clk 1:40:43]} c5 {[%clk 1:41:09]} 4. c3
{[%clk 1:40:41]} h6 {[%clk 1:41:26]} 5. Bxf6 {[%clk 1:40:52]} Qxf6
{[%clk 1:39:17]} 6. e4 {[%clk 1:40:32]} cxd4 {[%clk 1:39:32]} 7. cxd4
{[%clk 1:40:50]} Bb4+ {[%clk 1:39:48]} 8. Nc3 {[%clk 1:40:36]} b6
{[%clk 1:39:24]} 9. Rc1 {[%clk 1:38:03]} Bb7 {[%clk 1:36:16]} 10. Bd3
{[%clk 1:37:50]} O-O {[%clk 1:30:03]} 11. O-O {[%clk 1:38:03]} Bxc3
{[%clk 1:28:46]} 12. Rxc3 {[%clk 1:35:18]} Nc6 {[%clk 1:28:28]} 13. Bb1
{[%clk 1:32:29]} Rac8 {[%clk 1:24:07]} 14. Re1 {[%clk 1:30:23]} Qf4
{[%clk 1:20:11]} 15. Rce3 {[%clk 1:23:13]} d6 {[%clk 1:05:52]} 16. d5
{[%clk 1:18:22]} Ne5 {[%clk 1:03:15]} 17. Nxe5 {[%clk 1:18:25]} Qxe5
{[%clk 1:01:15]} 18. dxe6 {[%clk 1:18:26]} fxe6 {[%clk 1:00:17]} 19. Qd2
{[%clk 1:18:33]} Rc7 {[%clk 0:55:44]} 20. Rd3 {[%clk 1:16:21]} Rcf7
{[%clk 0:54:31]} 21. f3 {[%clk 1:14:33]} Qc5+ {[%clk 0:53:50]} 22. Rde3
{[%clk 1:12:58]} Rc7 {[%clk 0:49:52]} 23. b4 {[%clk 1:11:36]} Qe5
{[%clk 0:46:46]} 24. Rd3 {[%clk 1:11:39]} Rd7 {[%clk 0:46:13]} 25. Bc2
{[%clk 1:10:33]} g5 {[%clk 0:39:24]} 26. Ba4 {[%clk 1:09:15]} b5 {[%clk 0:38:10]}
27. Bb3 {[%clk 1:09:36]} Kg7 {[%clk 0:37:45]} 28. Rc1 {[%clk 1:06:10]} g4
{[%clk 0:34:37]} 29. fxg4 {[%clk 0:55:12]} Bxe4 {[%clk 0:32:52]} 30. Rh3
{[%clk 0:55:20]} Qf6 {[%clk 0:25:39]} 31. Re3 {[%clk 0:55:27]} Rdf7
{[%clk 0:24:26]} 32. h3 {[%clk 0:54:59]} d5 {[%clk 0:24:23]} 33. Bc2
{[%clk 0:51:22]} Bxc2 {[%clk 0:21:15]} 34. Qxc2 {[%clk 0:46:59]} e5
{[%clk 0:17:06]} 35. Rd1 {[%clk 0:44:15]} Qg5 {[%clk 0:13:14]} 36. Re2
{[%clk 0:43:30]} e4 {[%clk 0:07:22]} 37. Qc3+ {[%clk 0:43:40]} Kh7
{[%clk 0:07:21]} 38. Red2 {[%clk 0:39:31]} Rd8 {[%clk 0:04:21]} 39. Qc5
{[%clk 0:33:15]} Rfd7 {[%clk 0:04:16]} 40. Qxb5 {[%clk 0:33:04]} d4
{[%clk 0:02:43]} 41. Qe2 {[%clk 0:31:39]} Qe5 {[%clk 0:49:38]} 42. Re1
{[%clk 1:21:04]} Re7 {[%clk 0:48:26]} 43. a3 {[%clk 1:21:05]} e3 {[%clk 0:45:46]}
44. Qd3+ {[%clk 1:18:32]} Qe4 {[%clk 0:45:59]} 45. Rdd1 {[%clk 1:17:28]} Qxd3
{[%clk 0:45:32]} 46. Rxd3 {[%clk 1:17:56]} Kg6 {[%clk 0:45:21]} 47. g3
{[%clk 1:09:51]} Rdd7 {[%clk 0:41:49]} 48. Kg2 {[%clk 1:08:55]} Kf6
{[%clk 0:41:22]} 49. Rf1+ {[%clk 1:09:14]} Ke5 {[%clk 0:41:28]} 50. Rf4
{[%clk 1:09:35]} Rf7 {[%clk 0:33:20]} 51. Rdxd4 {[%clk 1:09:04]} Rxd4
{[%clk 0:33:18]} 52. Rxf7 {[%clk 1:09:26]} Rd2+ {[%clk 0:33:25]} 53. Kf1
{[%clk 1:09:45]} Ke4 {[%clk 0:31:43]} 54. Rxa7 {[%clk 1:09:05]} Kd3
{[%clk 0:32:07]} 55. Rd7+ {[%clk 1:03:33]} Kc2 {[%clk 0:32:32]} 56. Re7
{[%clk 1:03:33]} Kd3 {[%clk 0:32:35]} 57. Rd7+ 1/2-1/2

[Event "Hastings Masters"]
[Site "Horntye, Hastings"]
[Date "2017.12.28"]
[Round "1.9"]
[White "Anderson, John"]
[Black "Cherniaev, Alexander"]
[Result "0-1"]
[WhiteElo "2184"]
[BlackElo "2436"]
[PlyCount "134"]
[EventDate "2017.12.28"]

1. e4 g6 2. d4 Bg7 3. Nf3 d6 4. Be2 Nf6 5. Nc3 O-O 6. O-O a6 7. Re1 b5 8. e5
Ne8 9. Bg5 f6 10. exf6 exf6 11. Bf4 c6 12. Qd2 Ra7 13. h3 Re7 14. Bf1 Rff7 15.
a4 Rxe1 16. Rxe1 Re7 17. axb5 axb5 18. Rxe7 Qxe7 19. Bd3 Nd7 20. Qe2 Qxe2 21.
Nxe2 Nb6 22. Kf1 Kf7 23. Nc3 h6 24. Be3 Be6 25. b3 f5 26. Ne2 g5 27. Bd2 Nf6
28. Ba5 Nfd7 29. Nd2 f4 30. Be4 Bd5 31. Bxd5+ Nxd5 32. c4 bxc4 33. bxc4 Ne7 34.
g3 fxg3 35. fxg3 Nf5 36. Bc3 Ne3+ 37. Ke1 Nb6 38. c5 Nc8 39. Ne4 d5 40. Nf2 Na7
41. Kd2 Nf5 42. Kd3 Nb5 43. Bb2 Nc7 44. Ng4 Ne6 45. Bc3 Kg6 46. Ne3 h5 47. Nxf5
Kxf5 48. Be1 Bf6 49. Bf2 Bd8 50. Ke3 g4 51. h4 Bc7 52. Kd3 Ba5 53. Ke3 Ng7 54.
Kd3 Ne8 55. Be3 Nf6 56. Bf4 Ne4 57. Bb8 Be1 58. Be5 Nxc5+ 59. Ke3 Ne4 60. Bb8
Bf2+ 61. Kd3 c5 62. dxc5 Nxc5+ 63. Kd2 Ke4 64. Bd6 Nb3+ 65. Kc3 Nd4 66. Kd2 Nf5
67. Bc7 Kf3 0-1

[Event "Hastings Masters"]
[Site "Horntye, Hastings"]
[Date "2017.12.28"]
[Round "1.10"]
[White "Wegerle, Joerg"]
[Black "Eames, Robert S"]
[Result "1-0"]
[BlackElo "2159"]
[WhiteElo "2421"]
[EventDate "2017.12.28"]

1. Nf3 {[%clk 1:40:55]} d5 {[%clk 1:36:05]} 2. g3 {[%clk 1:41:05]} Bg4
{[%clk 1:35:37]} 3. Bg2 {[%clk 1:40:14]} Nd7 {[%clk 1:35:41]} 4. d4
{[%clk 1:37:09]} e6 {[%clk 1:30:27]} 5. O-O {[%clk 1:36:47]} Ngf6
{[%clk 1:28:39]} 6. h3 {[%clk 1:35:46]} Bh5 {[%clk 1:26:00]} 7. c4
{[%clk 1:31:06]} c6 {[%clk 1:25:29]} 8. Nc3 {[%clk 1:29:55]} Bd6 {[%clk 1:17:54]}
9. Qb3 {[%clk 1:21:24]} Qb6 {[%clk 1:14:02]} 10. c5 {[%clk 1:12:02]} Qxb3
{[%clk 1:14:11]} 11. axb3 {[%clk 1:12:30]} Bc7 {[%clk 1:10:52]} 12. b4
{[%clk 1:07:29]} O-O {[%clk 1:09:24]} 13. b5 {[%clk 0:53:24]} Ne4
{[%clk 0:58:11]} 14. bxc6 {[%clk 0:45:57]} Nxc3 {[%clk 0:57:01]} 15. bxc3
{[%clk 0:45:40]} bxc6 {[%clk 0:57:16]} 16. Ra6 {[%clk 0:44:51]} Nb8
{[%clk 0:54:00]} 17. Ra2 {[%clk 0:41:39]} a5 {[%clk 0:54:05]} 18. Bf4
{[%clk 0:40:05]} Rc8 {[%clk 0:40:11]} 19. Rfa1 {[%clk 0:37:48]} Bd8
{[%clk 0:39:10]} 20. g4 {[%clk 0:24:37]} Bg6 {[%clk 0:37:29]} 21. Ne5
{[%clk 0:23:10]} f6 {[%clk 0:35:52]} 22. Nxg6 {[%clk 0:20:52]} hxg6
{[%clk 0:36:13]} 23. e4 {[%clk 0:20:46]} Na6 {[%clk 0:31:24]} 24. exd5
{[%clk 0:15:53]} exd5 {[%clk 0:29:01]} 25. Bf1 {[%clk 0:15:57]} Nc7
{[%clk 0:21:13]} 26. c4 {[%clk 0:12:51]} Ne6 {[%clk 0:19:18]} 27. Bd6
{[%clk 0:04:54]} Nxd4 {[%clk 0:14:18]} 28. cxd5 {[%clk 0:05:00]} cxd5
{[%clk 0:14:21]} 29. Bg2 {[%clk 0:03:31]} Kh7 {[%clk 0:14:43]} 30. Bxd5
{[%clk 0:03:33]} Ra7 {[%clk 0:15:09]} 31. Rb1 {[%clk 0:03:25]} Nc6
{[%clk 0:13:40]} 32. Ra4 {[%clk 0:02:33]} Kh6 {[%clk 0:06:21]} 33. Rb5
{[%clk 0:01:53]} g5 {[%clk 0:06:18]} 34. Kg2 {[%clk 0:01:43]} g6 {[%clk 0:06:37]}
35. Be6 {[%clk 0:01:38]} Rca8 {[%clk 0:06:51]} 36. Bd5 {[%clk 0:01:51]} Rc8
{[%clk 0:07:16]} 37. f3 {[%clk 0:01:29]} Kg7 {[%clk 0:06:56]} 38. Be4
{[%clk 0:01:32]} Rf7 {[%clk 0:06:14]} 39. Bd5 {[%clk 0:01:06]} Ra7
{[%clk 0:06:38]} 40. Kf2 {[%clk 0:00:47]} Kh7 {[%clk 0:01:32]} 41. Bxc6
{[%clk 0:34:29]} Rxc6 {[%clk 0:51:51]} 42. Ke3 {[%clk 0:34:44]} Rd7
{[%clk 0:44:17]} 43. Ke4 {[%clk 0:19:09]} Be7 {[%clk 0:41:57]} 44. Kd5
{[%clk 0:19:03]} Rcxd6+ {[%clk 0:42:12]} 45. cxd6 {[%clk 0:19:24]} Rxd6+
{[%clk 0:42:33]} 46. Ke4 {[%clk 0:18:46]} Re6+ {[%clk 0:42:38]} 47. Kd3
{[%clk 0:18:09]} Bb4 {[%clk 0:42:31]} 48. Rb7+ {[%clk 0:17:52]} Kh6
{[%clk 0:39:34]} 49. Ra2 {[%clk 0:15:04]} Rd6+ {[%clk 0:36:51]} 50. Kc4
{[%clk 0:14:20]} Rc6+ {[%clk 0:29:55]} 51. Kb5 {[%clk 0:13:30]} Rc5+
{[%clk 0:28:22]} 52. Ka4 {[%clk 0:12:23]} Rc3 {[%clk 0:15:49]} 53. Re2
{[%clk 0:09:12]} Ra3+ {[%clk 0:16:14]} 54. Kb5 {[%clk 0:09:34]} Bc3
{[%clk 0:09:44]} 55. Ree7 {[%clk 0:06:56]} Rb3+ {[%clk 0:09:58]} 56. Kc4
{[%clk 0:07:08]} Rxb7 {[%clk 0:10:23]} 57. Rxb7 {[%clk 0:07:31]} Be1
{[%clk 0:07:52]} 58. Kd5 {[%clk 0:06:49]} a4 {[%clk 0:05:54]} 59. Ra7
{[%clk 0:04:26]} a3 {[%clk 0:06:08]} 60. Rxa3 {[%clk 0:04:47]} Kg7
{[%clk 0:06:31]} 61. Ra7+ {[%clk 0:04:48]} 1-0

[Event "Hastings Masters"]
[Site "Horntye, Hastings"]
[Date "2017.12.28"]
[Round "1.11"]
[White "Snape, Ian L"]
[Black "Arkell, Keith C"]
[Result "0-1"]
[BlackElo "2416"]
[WhiteElo "2152"]
[EventDate "2017.12.28"]

1. d4 {[%clk 1:40:56]} Nf6 {[%clk 1:40:19]} 2. c4 {[%clk 1:40:57]} e6
{[%clk 1:40:12]} 3. Nf3 {[%clk 1:41:17]} Bb4+ {[%clk 1:40:36]} 4. Nbd2
{[%clk 1:41:40]} O-O {[%clk 1:40:51]} 5. a3 {[%clk 1:42:04]} Bxd2+
{[%clk 1:41:07]} 6. Qxd2 {[%clk 1:42:19]} a5 {[%clk 1:40:26]} 7. b3
{[%clk 1:42:04]} d5 {[%clk 1:40:52]} 8. e3 {[%clk 1:40:43]} b6 {[%clk 1:40:59]}
9. Bd3 {[%clk 1:39:33]} Ba6 {[%clk 1:41:22]} 10. O-O {[%clk 1:37:39]} a4
{[%clk 1:41:43]} 11. cxd5 {[%clk 1:37:37]} Bxd3 {[%clk 1:42:01]} 12. Qxd3
{[%clk 1:38:01]} exd5 {[%clk 1:40:39]} 13. Bb2 {[%clk 1:33:19]} axb3
{[%clk 1:40:52]} 14. Qxb3 {[%clk 1:33:25]} Nc6 {[%clk 1:41:07]} 15. Ne5
{[%clk 1:32:05]} Na5 {[%clk 1:41:22]} 16. Qc2 {[%clk 1:31:47]} Ne4
{[%clk 1:38:27]} 17. a4 {[%clk 1:28:38]} f6 {[%clk 1:37:57]} 18. Nd3
{[%clk 1:24:55]} Nc4 {[%clk 1:37:21]} 19. Rfc1 {[%clk 1:17:49]} Re8
{[%clk 1:34:25]} 20. Ba3 {[%clk 1:10:11]} Qd7 {[%clk 1:34:09]} 21. Bb4
{[%clk 1:09:46]} Ra7 {[%clk 1:32:51]} 22. Ra2 {[%clk 1:07:09]} Rea8
{[%clk 1:32:36]} 23. Rca1 {[%clk 1:07:10]} c6 {[%clk 1:31:42]} 24. h3
{[%clk 0:56:35]} h6 {[%clk 1:26:54]} 25. Qe2 {[%clk 0:49:58]} Kh8
{[%clk 1:23:26]} 26. Qc2 {[%clk 0:47:18]} Qe8 {[%clk 1:23:11]} 27. Qe2
{[%clk 0:45:23]} g5 {[%clk 1:20:26]} 28. Nb2 {[%clk 0:41:59]} c5 {[%clk 1:19:10]}
29. Nxc4 {[%clk 0:38:28]} dxc4 {[%clk 1:19:30]} 30. dxc5 {[%clk 0:38:51]} bxc5
{[%clk 1:19:44]} 31. Be1 {[%clk 0:33:24]} Rxa4 {[%clk 1:17:57]} 32. Rxa4
{[%clk 0:33:24]} Rxa4 {[%clk 1:18:25]} 33. Rxa4 {[%clk 0:33:45]} Qxa4
{[%clk 1:18:51]} 34. f3 {[%clk 0:34:09]} Nd6 {[%clk 1:19:00]} 35. Bc3
{[%clk 0:33:44]} Kg7 {[%clk 1:14:44]} 36. Qb2 {[%clk 0:27:34]} Qd1+
{[%clk 1:03:19]} 37. Kh2 {[%clk 0:27:59]} Ne8 {[%clk 0:36:48]} 38. Qb7+
{[%clk 0:27:47]} Kf8 {[%clk 0:36:42]} 39. Qc8 {[%clk 0:17:51]} Qd6+
{[%clk 0:37:00]} 40. Kh1 {[%clk 0:17:37]} Kf7 {[%clk 0:37:04]} 41. Qb7+
{[%clk 0:16:19]} Kf8 {[%clk 0:35:40]} 42. Qc8 {[%clk 0:15:53]} h5
{[%clk 0:32:53]} 43. Qf5 {[%clk 0:09:30]} Kf7 {[%clk 0:29:56]} 44. Qe4
{[%clk 0:03:48]} Qd1+ {[%clk 0:28:57]} 45. Kh2 {[%clk 0:04:11]} Qd3
{[%clk 0:29:04]} 46. Qb7+ {[%clk 0:01:48]} Kg6 {[%clk 0:29:26]} 47. Qb5
{[%clk 0:50:03]} Qxe3 {[%clk 1:13:59]} 48. Qxc4 {[%clk 0:45:16]} Qf4+
{[%clk 1:14:19]} 49. Qxf4 {[%clk 0:45:43]} gxf4 {[%clk 1:14:45]} 50. Kg1
{[%clk 0:45:53]} Nc7 {[%clk 1:15:11]} 51. Kf1 {[%clk 0:45:37]} Nd5
{[%clk 1:15:35]} 52. Be1 {[%clk 0:45:45]} c4 {[%clk 1:15:40]} 53. Ke2
{[%clk 0:45:41]} Kf5 {[%clk 1:16:06]} 54. Kd2 {[%clk 0:45:20]} Ke5
{[%clk 1:16:30]} 55. g4 {[%clk 0:44:50]} fxg3 {[%clk 1:16:38]} 56. Bxg3+
{[%clk 0:45:14]} Ke6 {[%clk 1:16:43]} 57. h4 {[%clk 0:44:55]} Kd7
{[%clk 1:17:02]} 58. Bf2 {[%clk 0:44:43]} Kc6 {[%clk 1:17:26]} 59. Bd4
{[%clk 0:45:01]} Kb5 {[%clk 1:17:05]} 60. Kc2 {[%clk 0:44:40]} Kb4
{[%clk 1:17:30]} 61. Ba7 {[%clk 0:43:51]} c3 {[%clk 1:17:49]} 62. Kd3
{[%clk 0:42:52]} Kb3 {[%clk 1:18:07]} 63. Bd4 {[%clk 0:42:36]} c2
{[%clk 1:18:31]} 64. Kd2 {[%clk 0:42:59]} Nf4 {[%clk 1:16:26]} 0-1

[Event "Hastings Masters"]
[Site "Horntye, Hastings"]
[Date "2017.12.28"]
[Round "1.12"]
[White "Kristiansen, Jens"]
[Black "Willow, Jonah B"]
[Result "1/2-1/2"]
[BlackElo "2152"]
[WhiteElo "2415"]
[EventDate "2017.12.28"]

1. d4 {[%clk 1:40:58]} Nf6 {[%clk 1:40:43]} 2. Nf3 {[%clk 1:41:06]} e6
{[%clk 1:41:07]} 3. e3 {[%clk 1:41:08]} b6 {[%clk 1:40:39]} 4. Bd3
{[%clk 1:41:12]} Bb7 {[%clk 1:40:55]} 5. O-O {[%clk 1:41:22]} Be7
{[%clk 1:40:53]} 6. c4 {[%clk 1:40:54]} c5 {[%clk 1:40:20]} 7. Nc3
{[%clk 1:41:02]} cxd4 {[%clk 1:39:32]} 8. exd4 {[%clk 1:41:19]} d6
{[%clk 1:38:28]} 9. d5 {[%clk 1:37:01]} e5 {[%clk 1:36:04]} 10. Nh4
{[%clk 1:28:21]} g6 {[%clk 1:28:19]} 11. f4 {[%clk 1:20:35]} Nfd7
{[%clk 1:10:15]} 12. Nf3 {[%clk 1:20:11]} f5 {[%clk 1:09:49]} 13. Bc2
{[%clk 1:16:02]} O-O {[%clk 0:55:59]} 14. g4 {[%clk 1:13:36]} fxg4
{[%clk 0:49:58]} 15. Ng5 {[%clk 1:13:37]} Nc5 {[%clk 0:39:16]} 16. Qxg4
{[%clk 1:10:27]} Bxg5 {[%clk 0:31:04]} 17. fxg5 {[%clk 1:08:41]} Rxf1+
{[%clk 0:29:59]} 18. Kxf1 {[%clk 1:09:01]} Qf8+ {[%clk 0:26:01]} 19. Kg2
{[%clk 1:08:46]} Bc8 {[%clk 0:26:09]} 20. Qe2 {[%clk 1:07:06]} Bf5
{[%clk 0:23:20]} 21. Be3 {[%clk 1:06:09]} Qc8 {[%clk 0:19:41]} 22. Bxf5
{[%clk 0:55:54]} gxf5 {[%clk 0:19:34]} 23. Rf1 {[%clk 0:55:35]} Nba6
{[%clk 0:18:01]} 24. a3 {[%clk 0:47:48]} f4 {[%clk 0:11:28]} 25. Bg1
{[%clk 0:38:52]} Qf5 {[%clk 0:11:14]} 26. b4 {[%clk 0:35:08]} e4 {[%clk 0:10:16]}
27. Kh1 {[%clk 0:33:48]} f3 {[%clk 0:09:55]} 28. Qd2 {[%clk 0:25:38]} Nd3
{[%clk 0:09:07]} 29. Be3 {[%clk 0:24:53]} Qh3 {[%clk 0:05:23]} 30. Kg1
{[%clk 0:22:16]} Qg4+ {[%clk 0:05:15]} 31. Kh1 {[%clk 0:22:38]} Qh3
{[%clk 0:05:32]} 32. Kg1 {[%clk 0:22:46]} Qg4+ {[%clk 0:04:00]} 33. Kh1
{[%clk 0:22:59]} Qh3 {[%clk 0:04:26]} 1/2-1/2

[Event "Hastings Masters"]
[Site "Horntye, Hastings"]
[Date "2017.12.28"]
[Round "1.13"]
[White "Stanisz, Patryk"]
[Black "Lalic, Bogdan"]
[Result "0-1"]
[BlackElo "2415"]
[WhiteElo "2150"]
[EventDate "2017.12.28"]

1. d4 {[%clk 1:40:53]} Nf6 {[%clk 1:40:54]} 2. c4 {[%clk 1:41:15]} c5
{[%clk 1:41:18]} 3. Nf3 {[%clk 1:41:35]} cxd4 {[%clk 1:41:37]} 4. Nxd4
{[%clk 1:41:48]} e6 {[%clk 1:42:00]} 5. a3 {[%clk 1:41:02]} Qc7 {[%clk 1:41:47]}
6. e3 {[%clk 1:40:48]} a6 {[%clk 1:42:04]} 7. Nc3 {[%clk 1:40:16]} b6
{[%clk 1:42:14]} 8. Be2 {[%clk 1:38:15]} Bb7 {[%clk 1:42:35]} 9. O-O
{[%clk 1:31:53]} Be7 {[%clk 1:42:46]} 10. Qd3 {[%clk 1:29:44]} O-O
{[%clk 1:42:42]} 11. b4 {[%clk 1:26:09]} d6 {[%clk 1:42:51]} 12. Bb2
{[%clk 1:21:56]} Nbd7 {[%clk 1:43:14]} 13. f4 {[%clk 1:22:21]} Rfd8
{[%clk 1:42:27]} 14. Rac1 {[%clk 1:21:44]} Nc5 {[%clk 1:37:24]} 15. Qc2
{[%clk 1:16:29]} Nce4 {[%clk 1:37:45]} 16. Bd3 {[%clk 1:14:57]} Nxc3
{[%clk 1:37:59]} 17. Qxc3 {[%clk 1:10:11]} Rac8 {[%clk 1:32:23]} 18. Nb3
{[%clk 0:58:44]} h6 {[%clk 1:13:56]} 19. Rc2 {[%clk 0:45:17]} Bf8
{[%clk 0:53:35]} 20. Rfc1 {[%clk 0:31:18]} Ne4 {[%clk 0:51:23]} 21. Qe1
{[%clk 0:31:38]} e5 {[%clk 0:50:12]} 22. a4 {[%clk 0:26:38]} Re8 {[%clk 0:47:04]}
23. fxe5 {[%clk 0:18:21]} dxe5 {[%clk 0:47:28]} 24. Rd1 {[%clk 0:16:35]} Rcd8
{[%clk 0:34:15]} 25. a5 {[%clk 0:15:50]} Qd7 {[%clk 0:25:36]} 26. b5
{[%clk 0:10:35]} axb5 {[%clk 0:21:29]} 27. cxb5 {[%clk 0:11:02]} Qd5
{[%clk 0:19:04]} 28. Nc1 {[%clk 0:10:58]} bxa5 {[%clk 0:19:23]} 29. Qxa5
{[%clk 0:09:01]} Kh8 {[%clk 0:17:55]} 30. Rf1 {[%clk 0:08:53]} Rc8
{[%clk 0:13:12]} 31. Qa2 {[%clk 0:05:16]} Rxc2 {[%clk 0:11:40]} 32. Bxc2
{[%clk 0:05:44]} Bc5 {[%clk 0:09:48]} 33. Qxd5 {[%clk 0:02:25]} Bxe3+
{[%clk 0:10:06]} 34. Kh1 {[%clk 0:02:53]} Bxd5 {[%clk 0:10:29]} 35. Bxe4
{[%clk 0:02:53]} Bxe4 {[%clk 0:10:54]} 36. Re1 {[%clk 0:00:52]} Rd8
{[%clk 0:08:09]} 37. Bc3 {[%clk 0:00:34]} Bf2 {[%clk 0:07:23]} 38. Rf1
{[%clk 0:00:44]} f6 {[%clk 0:07:24]} 39. Ba5 {[%clk 0:00:35]} Rd5
{[%clk 0:06:59]} 40. Bc7 {[%clk 0:00:34]} Be3 {[%clk 0:05:20]} 41. Ba5
{[%clk 0:43:00]} Rxb5 {[%clk 0:55:40]} 0-1

[Event "Hastings Masters"]
[Site "Horntye, Hastings"]
[Date "2017.12.28"]
[Round "1.15"]
[White "Hand, Freddie"]
[Black "Radovanovic, Jovica"]
[Result "0-1"]
[BlackElo "2320"]
[WhiteElo "2139"]
[EventDate "2017.12.28"]

1. d4 {[%clk 1:40:51]} d5 {[%clk 1:40:29]} 2. c4 {[%clk 1:41:17]} c6
{[%clk 1:40:39]} 3. Nf3 {[%clk 1:41:45]} Nf6 {[%clk 1:41:01]} 4. Nc3
{[%clk 1:42:13]} dxc4 {[%clk 1:40:46]} 5. a4 {[%clk 1:42:40]} Bf5
{[%clk 1:41:06]} 6. Ne5 {[%clk 1:42:45]} Nbd7 {[%clk 1:39:05]} 7. Nxc4
{[%clk 1:43:10]} Nb6 {[%clk 1:39:25]} 8. Ne5 {[%clk 1:43:38]} a5 {[%clk 1:39:46]}
9. Bg5 {[%clk 1:44:05]} h6 {[%clk 1:34:40]} 10. Bh4 {[%clk 1:44:19]} g5
{[%clk 1:19:25]} 11. Bg3 {[%clk 1:44:19]} Bg7 {[%clk 1:19:00]} 12. e3
{[%clk 1:27:15]} Nbd5 {[%clk 1:09:17]} 13. Nxd5 {[%clk 1:08:52]} cxd5
{[%clk 0:41:11]} 14. Bb5+ {[%clk 1:08:19]} Kf8 {[%clk 0:40:38]} 15. Rc1
{[%clk 1:02:11]} Ne4 {[%clk 0:37:24]} 16. Qh5 {[%clk 0:51:32]} Be6
{[%clk 0:34:54]} 17. O-O {[%clk 0:44:55]} Nxg3 {[%clk 0:17:44]} 18. hxg3
{[%clk 0:42:26]} Bxe5 {[%clk 0:15:08]} 19. dxe5 {[%clk 0:42:46]} Rc8
{[%clk 0:13:51]} 20. Rce1 {[%clk 0:25:06]} Qb6 {[%clk 0:08:40]} 21. f4
{[%clk 0:25:03]} gxf4 {[%clk 0:08:21]} 22. gxf4 {[%clk 0:24:44]} f6
{[%clk 0:05:49]} 23. exf6 {[%clk 0:21:18]} exf6 {[%clk 0:06:01]} 24. Kh1
{[%clk 0:08:45]} Bf7 {[%clk 0:06:02]} 25. Qh4 {[%clk 0:02:41]} h5
{[%clk 0:05:08]} 26. Be2 {[%clk 0:01:52]} Re8 {[%clk 0:05:01]} 27. Bf3
{[%clk 0:01:46]} Rg8 {[%clk 0:03:41]} 28. Qf2 {[%clk 0:01:11]} Rg7
{[%clk 0:02:25]} 29. e4 {[%clk 0:00:55]} Qxf2 {[%clk 0:02:23]} 30. Rxf2
{[%clk 0:01:22]} dxe4 {[%clk 0:01:58]} 31. Rxe4 {[%clk 0:01:49]} Rxe4
{[%clk 0:01:47]} 32. Bxe4 {[%clk 0:02:15]} Be8 {[%clk 0:02:04]} 33. Rc2
{[%clk 0:01:06]} Re7 {[%clk 0:02:09]} 34. Bf3 {[%clk 0:01:28]} Bxa4
{[%clk 0:01:31]} 35. Rc8+ {[%clk 0:01:56]} Kg7 {[%clk 0:01:44]} 36. Bxh5
{[%clk 0:01:58]} Bc6 {[%clk 0:01:54]} 37. Rd8 {[%clk 0:00:59]} Re4
{[%clk 0:01:10]} 38. Bf3 {[%clk 0:00:34]} Re1+ {[%clk 0:01:34]} 39. Kh2
{[%clk 0:00:44]} Bxf3 {[%clk 0:02:00]} 40. Rd7+ {[%clk 0:00:37]} Kg6
{[%clk 0:01:14]} 41. gxf3 {[%clk 0:50:18]} Re2+ {[%clk 0:50:57]} 42. Kg3
{[%clk 0:50:46]} Rxb2 {[%clk 0:51:12]} 43. f5+ {[%clk 0:51:15]} Kh6
{[%clk 0:48:57]} 44. Rd6 Kg7 45. Rd7+ {[%clk 0:50:34]} Kf8 {[%clk 0:45:51]} 46.
Kg4 {[%clk 0:50:49]} a4 {[%clk 0:45:05]} 47. Rd8+ {[%clk 0:50:32]} Ke7
{[%clk 0:44:56]} 48. Ra8 b5 {[%clk 0:20:42]} 49. Ra7+ {[%clk 0:50:17]} Kf8
{[%clk 0:17:48]} 50. Ra8+ Kg7 {[%clk 0:14:17]} 51. Ra7+ {[%clk 0:49:59]} Kh6
{[%clk 0:14:42]} 52. Ra6 {[%clk 0:50:05]} Rb4+ {[%clk 0:14:31]} 53. f4
{[%clk 0:49:43]} Kg7 {[%clk 0:14:55]} 54. Ra7+ {[%clk 0:50:11]} Kf8
{[%clk 0:15:24]} 55. Ra8+ {[%clk 0:50:36]} Ke7 {[%clk 0:15:41]} 56. Ra7+
{[%clk 0:51:04]} Ke8 {[%clk 0:15:56]} 57. Kh5 {[%clk 0:49:25]} Rd4
{[%clk 0:14:54]} 58. Ra5 {[%clk 0:48:25]} Rd6 {[%clk 0:14:43]} 59. Rxb5
{[%clk 0:47:38]} Ra6 {[%clk 0:15:07]} 60. Rb8+ {[%clk 0:47:50]} Kd7
{[%clk 0:15:05]} 61. Kg6 {[%clk 0:47:14]} a3 {[%clk 0:13:50]} 62. Rb1
{[%clk 0:47:33]} a2 63. Ra1 {[%clk 0:48:01]} Ke7 {[%clk 0:13:15]} 64. Kg7 Ra7 65.
Kg6 {[%clk 0:46:59]} Ra3 {[%clk 0:10:46]} 66. Re1+ {[%clk 0:43:53]} Kf8
{[%clk 0:10:41]} 67. Ra1 {[%clk 0:44:21]} Ra6 {[%clk 0:11:03]} 68. Kh5
{[%clk 0:44:48]} Kf7 {[%clk 0:10:22]} 69. Kg4 {[%clk 0:45:15]} Ke7
{[%clk 0:09:48]} 70. Kh5 {[%clk 0:44:12]} Kd6 71. Kg6 Kd5 {[%clk 0:06:31]} 72.
Kg7 {[%clk 0:22:01]} Ke4 {[%clk 0:05:40]} 73. Kg6 {[%clk 0:22:15]} Kxf4
{[%clk 0:05:01]} 74. Rf1+ {[%clk 0:22:42]} Ke4 {[%clk 0:04:38]} 75. Re1+
{[%clk 0:22:56]} Kd4 {[%clk 0:04:27]} 76. Ra1 {[%clk 0:17:38]} Kd5
{[%clk 0:04:32]} 77. Kf7 {[%clk 0:16:51]} Kc4 {[%clk 0:04:16]} 78. Rc1+
{[%clk 0:16:59]} Kb3 {[%clk 0:04:38]} 79. Rh1 {[%clk 0:17:26]} Rc6
{[%clk 0:04:56]} 80. Rg1 {[%clk 0:16:57]} Kb2 {[%clk 0:04:01]} 81. Rg2+
{[%clk 0:16:24]} Kb1 {[%clk 0:04:22]} 0-1

[Event "Hastings Masters"]
[Site "Horntye, Hastings"]
[Date "2017.12.28"]
[Round "1.16"]
[White "Murphy, Conor E"]
[Black "Woong, Zhi Wei William"]
[Result "1/2-1/2"]
[BlackElo "2137"]
[WhiteElo "2313"]
[EventDate "2017.12.28"]

1. Nf3 {[%clk 1:40:39]} d5 {[%clk 1:40:44]} 2. g3 {[%clk 1:40:58]} Nf6
{[%clk 1:41:06]} 3. Bg2 {[%clk 1:41:13]} e6 {[%clk 1:41:23]} 4. c4
{[%clk 1:41:29]} dxc4 {[%clk 1:41:31]} 5. Na3 {[%clk 1:41:07]} Bxa3
{[%clk 1:41:44]} 6. bxa3 {[%clk 1:41:33]} Nc6 {[%clk 1:41:35]} 7. Bb2
{[%clk 1:41:28]} O-O {[%clk 1:41:19]} 8. Qc2 {[%clk 1:41:12]} Re8
{[%clk 1:41:09]} 9. Qxc4 {[%clk 1:41:23]} e5 {[%clk 1:41:13]} 10. Ng5
{[%clk 1:41:28]} Qe7 {[%clk 1:24:55]} 11. O-O {[%clk 1:41:13]} h6
{[%clk 1:20:23]} 12. Ne4 {[%clk 1:41:08]} Nxe4 {[%clk 1:02:45]} 13. Bxe4
{[%clk 1:41:11]} Rb8 {[%clk 1:02:51]} 14. Rfc1 {[%clk 1:26:44]} Rd8
{[%clk 0:50:16]} 15. d3 {[%clk 1:23:05]} Be6 {[%clk 0:43:33]} 16. Qc5
{[%clk 1:09:34]} Qxc5 {[%clk 0:40:19]} 17. Rxc5 {[%clk 1:09:57]} f6
{[%clk 0:39:42]} 18. f4 {[%clk 1:00:17]} exf4 {[%clk 0:39:12]} 19. gxf4
{[%clk 1:00:35]} Ne7 {[%clk 0:27:51]} 20. Rxc7 {[%clk 0:47:30]} Nd5
{[%clk 0:27:59]} 21. Bxd5 {[%clk 0:46:46]} Bxd5 {[%clk 0:25:53]} 22. Kf2
{[%clk 0:42:11]} Rbc8 {[%clk 0:22:22]} 23. Rac1 {[%clk 0:41:13]} Rxc7
{[%clk 0:20:33]} 24. Rxc7 {[%clk 0:41:37]} Bc6 {[%clk 0:18:49]} 25. Re7
{[%clk 0:27:40]} Re8 {[%clk 0:16:21]} 26. Rxe8+ {[%clk 0:23:41]} Bxe8
{[%clk 0:16:44]} 27. e4 {[%clk 0:21:31]} Kf7 {[%clk 0:14:59]} 28. Ke3
{[%clk 0:14:55]} g6 {[%clk 0:13:46]} 29. d4 {[%clk 0:12:47]} f5 {[%clk 0:13:56]}
30. d5 {[%clk 0:12:43]} fxe4 {[%clk 0:13:50]} 31. Kxe4 {[%clk 0:13:03]} Bd7
{[%clk 0:12:34]} 32. Bd4 {[%clk 0:09:49]} a6 {[%clk 0:12:13]} 33. Ke5
{[%clk 0:09:44]} Bf5 {[%clk 0:11:56]} 34. Kd6 {[%clk 0:08:50]} Be4
{[%clk 0:12:14]} 35. h4 {[%clk 0:08:25]} h5 {[%clk 0:12:30]} 36. a4
{[%clk 0:08:23]} Bg2 {[%clk 0:12:14]} 37. a5 {[%clk 0:08:32]} Be4
{[%clk 0:12:34]} 38. a3 {[%clk 0:07:52]} Bg2 {[%clk 0:12:14]} 39. Ke5
{[%clk 0:04:01]} Bh3 {[%clk 0:12:25]} 40. Bc5 {[%clk 0:03:15]} Bf5
{[%clk 0:12:15]} 41. Bd6 {[%clk 0:50:12]} Ke8 {[%clk 1:02:03]} 42. Bc5 1/2-1/2